Climate change and the national forest estate (Record no. 108897)

MARC details
000 -LEADER
fixed length control field 01335cad a22002295a 4500
001 - CONTROL NUMBER
control field E145744
008 - FIXED-LENGTH DATA ELEMENTS--GENERAL INFORMATION
fixed length control field 081105s2008 xxk f s000 0 eng d
035 ## - SYSTEM CONTROL NUMBER
System control number (Sirsi) u145744
041 0# - LANGUAGE CODE
Language code of text/sound track or separate title eng
050 04 - LIBRARY OF CONGRESS CALL NUMBER
Classification number 634.92 $2 18
110 2# - MAIN ENTRY--CORPORATE NAME
Corporate name or jurisdiction name as entry element Forestry Commission Scotland
9 (RLIN) 5586
245 00 - TITLE STATEMENT
Title Climate change and the national forest estate
Remainder of title consultation on forestry provisions in the Scottish Climate Change Bill
Medium [electronic resource]
260 ## - PUBLICATION, DISTRIBUTION, ETC.
Place of publication, distribution, etc. Edinburgh
Name of publisher, distributor, etc. Forestry Commission Scotland
Date of publication, distribution, etc. 2008
520 ## - SUMMARY, ETC.
Summary, etc. Forestry Commission Scotland has been tasked by the Scottish Government with exploring options to assist the fight against climate change by better use of the national forest estate. Such proposals should, however, maintain the existing public benefits that the estate provides. This consultation paper relates to legal provisions in the Scottish Climate Change Bill that may be required to enable the necessary action to take place. Deadline for comments is 27 January 2009.
521 ## - TARGET AUDIENCE NOTE
Target audience note Advanced
590 ## - LOCAL NOTE (RLIN)
Local note KA
650 24 - SUBJECT ADDED ENTRY--TOPICAL TERM
Topical term or geographic name entry element SCOTTISH CLIMATE CHANGE BILL
651 #4 - SUBJECT ADDED ENTRY--GEOGRAPHIC NAME
Geographic name Scotland
Chronological subdivision 1999-
690 ## - LOCAL SUBJECT ADDED ENTRY--TOPICAL TERM (OCLC, RLIN)
Topical term or geographic name as entry element ENVIRONMENTAL AND LAND CONSULTANCY-FORESTRY AND WOODLAND MANAGEMENT-FORESTRY
856 48 - ELECTRONIC LOCATION AND ACCESS
Uniform Resource Identifier <a href="https://www.forestry.gov.uk/forestry/INFD-7KUMVM">https://www.forestry.gov.uk/forestry/INFD-7KUMVM</a>
Public note View the consultation free of charge at www.forestry.gov.uk...
942 ## - ADDED ENTRY ELEMENTS (KOHA)
Suppress in OPAC 0
Holdings
Withdrawn status Lost status Source of classification or shelving scheme Damaged status Not for loan Home library Current library Shelving location Date acquired Total Checkouts Full call number Barcode Date last seen Copy number Price effective from Koha item type
    Dewey Decimal Classification     Virtual Virtual Online 05/11/2008   ONLINE PUBLICATION 145744-2001 06/08/2019 1 06/08/2019 Book